000 01338nam a22003617a 4500
003 CHAP
005 20241209122302.0
008 971013s1995 r 00010 d
010 _a58509
011 _a59481
035 _a63639
040 _cCHAP
090 _aTesis
100 1 0 _aOrtiz Barreto, Omar
_983939
245 _aAnálisis de cultivos tradicionales y su sustitución por otros cultivos en cuatro comunidades del oriente de Morelos
260 _aChapingo, Méx. :
_bEl autor,
_c1995
300 _a124 h.
_b; anexos
502 _aTesis (M. C. en Economía del Desarrollo Rural) -- UACH. Departamento de Economía Agrícola. Programa de Postgrado
590 _aALEPH
_b10
_c20130110
_lUCH01
_h1336
590 _aBATCH-UPD
_b10
_c20130110
_lUCH01
_h1143
590 _aBATCH-UPD
_b10
_c20130410
_lUCH01
_h0729
590 _aBATCH-UPD
_b10
_c20130914
_lUCH01
_h0033
590 _aBATCH-UPD
_b10
_c20130914
_lUCH01
_h2057
590 _aCONVERSION
_b10
_c20130109
_lUCH01
_h1331
650 1 4 _aAgricultura
_xInnovaciones tecnológicas.
_91565
650 1 4 _aAgricultura
_xMorelos.
_91747
650 1 4 _aCultivos
_xCostos de producción.
_930247
650 1 4 _aCultivos
_zMorelos.
_930365
901 _aBK
942 _cFOLL
949 _bBC
_cTES
_d-136945
_eTS1
_h28568
_i63639
_si
949 _bBC
_cTES
_d33724000079414
_eTS2
_fc.2
_h28569
_i63639
_si
999 _c58509
_d58509